El pecador sin escusa ó los falsos pretextos con que suspende su conversión, (Registro nro. 18524)

000 -CABECERA
Campo de control de longitud fija 02086nam a22002537a 4500
001 - NÚMERO DE CONTROL
Campo de control BH32728
003 - IDENTIFICADOR DEL NÚMERO DE CONTROL
Campo de control ES-SlBCS
005 - FECHA Y HORA DE LA ÚLTIMA TRANSACCIÓN
Campo de control 20260702091400.0
008 - CÓDIGOS DE INFORMACIÓN DE LONGITUD FIJA
Campo de control de longitud fija 260702s1773 sp 1 spa
040 ## - FUENTE DE LA CATALOGACIÓN
Centro catalogador del origen ES-SIBCS
Lengua de catalogación spa
041 1# - CÓDIGO DE LENGUA
Código de lengua del texto/banda sonora o título independiente spa
Código de lengua original fre
100 1# - PUNTO DE ACCESO PRINCIPAL-NOMBRE DE PERSONA
Nombre de persona Giroust, Jacques
9 (RLIN) 16659
245 13 - MENCIÓN DE TÍTULO
Título El pecador sin escusa ó los falsos pretextos con que suspende su conversión,
Mención de responsabilidad, etc. en sermones de Adviento, utiles a toda clase de personas, predicados en Idioma Francés por el R.mo P. Santiago Giroust, y traducidos al español por el Doctor D. Domingo Antonio González de la Portilla, Proto-Notario Apostolico, &c.
Número de parte o sección de la obra Tomo primero
260 1# - PUBLICACIÓN, DISTRIBUCIÓN, ETC... (PIE DE IMPRENTA)
Lugar de publicación, distribución, etc. Madrid :
Nombre del editor, distribuidor, etc. En la Imprenta de Pedro Marin
Fecha de publicación, distribución, etc. , 1773
300 ## - DESCRIPCIÓN FÍSICA
Extensión [6], 468, p. ;
Dimensiones 15 cm
500 ## - NOTA GENERAL
Nota general Grabado en portada
505 ## - NOTA DE CONTENIDO CON FORMATO
Nota de contenido con formato Contenido:
Título Primera escusa del Pecador. Aunque peque, qué me sucederá? Sermon sobre el Juicio final 1 Segunda escusa del Pecador. No puedo cumplir siempre con la Ley Divina. Sermon sobre la observancia de la Ley de Dios 65 Tercera escusa del pecador. No me acusa mi conciencia. Sermon sobre la falsa paz de la conciencia 117 Quarta escusa del Pecador. Sermon sobre los falsos deseos de la salvacion 166 Quinta escusa del Pecador. No viven diversamente, que yo en el mundo. Sermon sobre la reprehensible costumbre 224 Sexta escusa del Pecador. Quién sabe si mi Religion es la verdadera? Sermon sobre la infalible verdad de la Religion Christiana 273 Septima escusa del Pecador. Son demasiado difíciles las obligaciones del Christiano. Sermon sobre la suavidad y dulzura del servicio de Dios 325 Octava escusa del Pecador. Para salvarme bastame no pecar. Sermon sobre la vida inutil del mundo 373 Nona escusa del Pecador. Aún es demasiado presto, o ya es demasiado tarde. Sermon sobre la dilacion de la penitencia 416
561 ## - NOTA DE PROCEDENCIA
Procedencia San Gregorio (Valladolid)
561 ## - NOTA DE PROCEDENCIA
Procedencia Convento de Jerez
650 ## - PUNTO DE ACCESO ADICIONAL DE MATERIA-TÉRMINO DE MATERIA
Término de materia o nombre geográfico como elemento inicial Oratoria Sagrada
Subdivisión de forma Sermones Temáticos
Subdivisión cronológica Obras anteriores a 1800
9 (RLIN) 16660
700 1# - PUNTO DE ACCESO ADICIONAL-NOMBRE DE PERSONA
Nombre de persona González de la Portilla, Domingo Antonio
Término indicativo de función trad.
9 (RLIN) 16661
752 ## - PUNTO DE ACCESO ADICIONAL-NOMBRE JERÁRQUICO DE LUGAR
País o entidad superior España
Ciudad Madrid
942 ## - ENTRADA DE ELEMENTOS AGREGADOS (KOHA)
Fuente de clasificaión o esquema
Koha [por defecto] tipo de item Libro Antiguo
Existencias
Suprimido Perdido Fuente de clasificación o esquema Estropeado No para préstamo Localización permanente Localización actual Fecha adquisición Serie de enumeración / cronológica Préstamos totales Signatura completa Número de Registro / Código de Barras Fecha última consulta Fecha del precio de reemplazo Tipo de item de Koha
          Biblioteca Histórica Biblioteca Histórica 02/07/2026 T. 1   S.XVIII-15219 BH32728 02/07/2026 02/07/2026 Libro Antiguo

Bibliotecas Dominicos Provincia Hispania, 2016

Con tecnología Koha